Giải trình tự gen 16S-rRNA của các loài cua xanh (scylla paramamosain) và xác định quan hệ di truyền 16s-rrna gene sequencing of mud crab species (scylla paramamosain) and determina tion of genetic rela tionship

Kaydedildi:
Detaylı Bibliyografya
Yazar: Trương, Thế Quang
Materyal Türü: Kitap
Dil:Undetermined
Konular:
Online Erişim:http://lrc.tdmu.edu.vn/opac/search/detail.asp?aID=2&ID=36780
Etiketler: Etiketle
Etiket eklenmemiş, İlk siz ekleyin!
Thư viện lưu trữ: Trung tâm Học liệu Trường Đại học Thủ Dầu Một
LEADER 00760nam a2200157Ia 4500
001 TDMU_36780
008 210410s9999 xx 000 0 und d
082 |a 796.334092 
100 |a Trương, Thế Quang 
245 0 |a Giải trình tự gen 16S-rRNA của các loài cua xanh (scylla paramamosain) và xác định quan hệ di truyền 
245 0 |b 16s-rrna gene sequencing of mud crab species (scylla paramamosain) and determina tion of genetic rela tionship 
245 0 |c Trương Thế Quang 
300 |a Tr.85-93 
650 |a Thủy hải sản; Cua xanh; Cây phát sinh loài; I6S-rRNA, 
856 |u http://lrc.tdmu.edu.vn/opac/search/detail.asp?aID=2&ID=36780 
980 |a Trung tâm Học liệu Trường Đại học Thủ Dầu Một